LEADER 01310nam0 2200313 i 450 001 SUN0066703 005 20090113120000.0 010 $a978-88-348-8419-5 100 $a20090113d2008 |0itac50 ba 101 $aita 102 $aIT 105 $a|||| ||||| 200 1 $aDiritto di famiglia e Unione europea$fChiara Amalfitano ... [et al.]$ga cura di Sergio M. Carbone e Ilaria Queirolo 210 $aTorino$cGiappichelli$d[2008] 215 $aXIII, 446 p.$d24 cm. 606 $aDiritto di famiglia$xUnione europea$2FI$3SUNC025586 620 $dTorino$3SUNL000001 676 $a346.24015$cDIRITTO DI FAMIGLIA. UNIONE EUROPEA$v21 702 1$aCarbone$b, Sergio M.$3SUNV002512 702 1$aQueirolo$b, Ilaria$3SUNV002533 702 1$aAmalfitano$b, Chiara$3SUNV045530 712 $aGiappichelli$3SUNV000045$4650 790 1$aCarbone, Sergio Maria$zCarbone, Sergio M.$3SUNV066251 801 $aIT$bSOL$c20181109$gRICA 912 $aSUN0066703 950 $aUFFICIO DI BIBLIOTECA DEL DIPARTIMENTO DI GIURISPRUDENZA$d00 CONS X.Ea.158 $e00 BFG1168 995 $aUFFICIO DI BIBLIOTECA DEL DIPARTIMENTO DI GIURISPRUDENZA$gBFG$h1168$kCONS X.Ea.158$op$qa 996 $aDiritto di famiglia e Unione europea$9778282 997 $aUNICAMPANIA LEADER 01712nam a2200397 i 4500 001 991001282489707536 005 20020507190608.0 008 951024s1981 ne ||| | eng 020 $a044485441X 035 $ab10825952-39ule_inst 035 $aLE01309889$9ExL 040 $aDip.to Matematica$beng 082 0 $a530.14 084 $aAMS 81-XX 084 $aAMS 82-XX 100 1 $aFritz, J.$0367678 245 10$aRandom fields :$brigorous results in statistical mechanics and quantum field theory /$cedited by J. Fritz, J. L. Lebowitz, and D. Szász 260 $aAmsterdam :$bNorth-Holland,$c1981 300 $a2 v. (1111 p.) : ill. ; 25 cm 490 0 $aColloquia mathematica Societatis Janos Bolyai, ISSN 01393383 ;$v10 490 0 $aColloquia mathematica Societatis Janos Bolyai, ISSN 01393383 ;$v27 500 $aIncludes bibliographical references. 500 $a"Papers presented at the colloquium, which was hold [sic] at Esztergom from June 24 to June 30, 1979" - Pref. 500 $aVol. 2 has series no. misprinted as 10 650 0$aQuantum field theory$xCongresses 650 0$aRandom fields$xCongresses 650 0$aStatistical mechanics$xCongresses 700 1 $aLebowitz, Joel Louis 700 1 $aSzász, D. 907 $a.b10825952$b23-02-17$c28-06-02 912 $a991001282489707536 945 $aLE013 81-XX FRI11 V.I (1981)$cV. 1$g1$i2013000038179$lle013$o-$pE0.00$q-$rl$s- $t0$u0$v0$w0$x0$y.i10933840$z28-06-02 945 $aLE013 81-XX FRI11 V.II (1981)$cV. 2$g1$i2013000038186$lle013$o-$pE0.00$q-$rl$s- $t0$u0$v0$w0$x0$y.i10933852$z28-06-02 996 $aRandom fields$9924665 997 $aUNISALENTO 998 $ale013$b01-01-95$cm$da $e-$feng$gne $h0$i2 LEADER 01423nas 2200457- 450 001 9910231845903321 005 20241204164403.0 011 $a2029-8838 035 $a(OCoLC)881592668 035 $a(CKB)3360000000446415 035 $a(CONSER)--2019207155 035 $a(MiAaPQ)1386353 035 $a(DE-599)ZDB2664179-3 035 $a(EXLCZ)993360000000446415 100 $a20140619a20129999 o-- - 101 0 $aeng 135 $aur||||||||||| 181 $ctxt$2rdacontent 182 $cc$2rdamedia 183 $acr$2rdacarrier 200 00$aEngineering structures and technologies 210 1$aAbingdon, Oxfordshire, UK :$cTaylor & Francis,$d2012- 210 1$aLithuania :$cVilnius Gediminas Technical University 215 $a1 online resource 300 $aRefereed/Peer-reviewed 311 08$a2029-882X 517 1 $aEng. struct. tech. 531 0 $aEng. struct. tech. 606 $aEngineering$xResearch$vPeriodicals 606 $aRecherche technique$vPériodiques 606 $aEngineering$xResearch$2fast$3(OCoLC)fst00910387 608 $aPeriodicals.$2fast 615 0$aEngineering$xResearch 615 6$aRecherche technique 615 7$aEngineering$xResearch. 676 $a624.105 712 02$aVilniaus Gedimino technikos universitetas, 906 $aJOURNAL 912 $a9910231845903321 996 $aEngineering structures and technologies$91886560 997 $aUNINA LEADER 01826cam-a2200241z--4500 001 991004382031907536 005 20250530120415.0 008 250530s2022 xx r 001 0 eng d 020 $a1-78491-836-9 082 04$a381.09 245 10$aGifts, goods and money :$bcomparing currency and circulation systems in past societies /$cedited by Dirk Brandherm, Elon Heymans and Daniela Hofmann 246 1 $aGifts, Goods and Money 260 $bOxford :$bArchaeopress Publishing Ltd,$c2018 505 0 $aIntroduction: comparing currency and circulation systems in past societies / Dirk Brandherm, Elon Heymans and Daniela Hofmann -- Indeterminacy and approximation in Mediterranean weight systems in the third and second millennia BC / Nicola Ialongo, Agnese Vacca and Alessandro Vanzetti -- Fragmentation patterns revisited ritual and recycling in Bronze Age depositional practice / Dirk Brandherm -- Weight units and the transformation of value: approaching premonetary currency systems in the Nordic Bronze Age / Lene Melheim -- Heads or tails: metal hoards from the Iron Age southern Levant / Elon D. Heymans -- Weighing premonetary currency in the Iberian Iron Age / Thibaud Poigt -- Of warriors, chiefs and gold. Coinage and exchange in the late pre-Roman Iron Age / David Wigg-Wolf -- New wealth from the Old World: glass, jet and mirrors in the late fifteenth to early sixteenth century indigenous Caribbean / Joanna Ostapkowicz -- Gifts of the gods objects of foreign origin in traditional exchange systems in Palau / Constanze Dupont 650 4$aValuta$xPreistoria 650 4$aCommercio$yPreistoria 650 4$aMonete$yPreistoria 700 1 $aBrandherm, Dirk 700 1 $aHeymans, Elon 700 1 $aHofmann, Daniela 912 $a991004382031907536 996 $aGifts, goods and money$94158348 997 $aUNISALENTO